Estadísticas para Una Cuenta Regresiva Difícil

Haz click aquí para intentar la prueba.

Estadísticas generales

  • Esta prueba ha sido intentada 98 veces
  • La puntuación promedio es 5 de 14

Estadísticas de respuestas

#% Correcto
93
100%
86
90%
79
75%
72
67%
65
49%
58
37%
51
24%
44
14%
37
8%
30
3%
23
2%
16
0%
2
0%
9
0%

Distribución de puntuación

Porcentaje por número respondido

Porcentaje de gente con cada puntuación

Historial de tus puntuaciones

No has intentado esta prueba.